| 000 | 00477nam a22001937a 4500 | ||
|---|---|---|---|
| 003 | MPLRDC | ||
| 005 | 20220104124505.0 | ||
| 008 | 210129b ||||| |||| 00| 0 eng d | ||
| 020 | _a7-5324-0884-1 | ||
| 082 | _a859.3 SNWK v.6 | ||
| 100 | _a朱伟、应兴国著 | ||
| 245 |
_a原子与英雄 _c |
||
| 250 | _a一版二刷 | ||
| 260 |
_a _b少年儿童出版社 _c1990 |
||
| 300 | _b平 | ||
| 490 | _a少儿文库 | ||
| 650 | _a儿童故事 | ||
| 942 |
_cBK _o859.3 SNWK v.6 |
||
| 999 |
_c19742 _d19732 |
||